Missing Word: Gerard Butler Movies Quiz Stats

Quiz Updated Mar 18, 2017

Challenge
Share
Tweet
Embed
Score 0/20 Timer 03:00
0 Plays Today
Gerard Butler Movie Word % Correct
P.S. I ____ YouLove
96.9%
Lara ____ Tomb Raider: The Cradle of LifeCroft
94.6%
The ____ of the OperaPhantom
93.9%
How to ____ Your DragonTrain
92.9%
Olympus ____ FallenHas
88.9%
Law ____ CitizenAbiding
83.3%
One ____ KissMore
59%
Playing for ____Keeps
58.7%
Machine ____ PreacherGun
46.6%
____ Has FallenLondon
45.1%
Gerard Butler Movie Word % Correct
The ____ TruthUgly
33.2%
Nim's ____Island
32.1%
The ____ HunterBounty
30.5%
____ & GrendelBeowulf
29.5%
The Game of ____ LivesTheir
28.8%
Gods of ____Egypt
24.4%
____ 2000Dracula
13.7%
____ MavericksChasing
12%
Butterfly on a ____Wheel
8.2%
The Headhunter's ____Calling
4.6%

Today's Daily Dose

Missing Word
Law Misconceptions

Word Ladder
Easy Math

On This Day
January 20th

You're not logged in!

Compare scores with friends on all Sporcle quizzes.
Sign Up with Email
OR
Log In

You Might Also Like...

Show Comments

Extras

Top Quizzes Today


Score Distribution

Your Account Isn't Verified!

In order to create a playlist on Sporcle, you need to verify the email address you used during registration. Go to your Sporcle Settings to finish the process.